000 00852nam a2200253Ia 4500
999 _c53719
_d53719
001 20767
003 GE_BSU
005 20221110140036.0
008 181216s2015||||enk|||||||||||||| ||eng||
020 _a9781137341662x
040 _cGE_BSU
080 _a327(4) C-78
100 _aCopsey, Nathaniel
_911001
245 _aRethinking the European Union /
_cNathaniel Copsey ; Series Editor Michael Cox.
264 _aNew York :
_bPalgrave Macmillan,
_c2015.
300 _a260 p.;
_b22 cm.
500 _aBibl. : p.230-253, Index. : p.254-260
541 _h102 Gel.
653 _aRethinking the European Union
653 _aПереосмысление Европейского Союза
653 _aევროკავშირის გააზრება
700 _aCox, Michael
_eრედაქტორი
_911002
942 _cBK
_2udc